00346 a2200097 4500001001000000005001700010008004100027245004400068100003100112773010500143ART_2595020260410161935.0260409a 10aLa Constitución de 1853 como justicia1 aCueto Rúa, Julio César0 tAnales de la Academia Nacional de Ciencias Económicasg- Vol. XLVIII, (2003) (ene. 2004)wREV25596